000 00406nam a2200157Ia 4500
008 231221s9999 xx 000 0 und d
041 _aEnglish
082 _a001.6424C LOF
100 _aLafore, Robert
245 0 _aObject- oriented programming in c++
250 _a4ed
260 _c2002
_bTech media,
_aNew delhi
300 _axix+1012
650 _aObject-,oriented,programming,c++
942 _cBC
999 _c201973
_d201973